日本語でよく使われる500語 - Statistics

General Stats
  • This quiz has been taken 351 times
  • The average score is 84 of 500
Answer Stats
品詞 単語 % Correct
接頭
90%
90%
89%
89%
86%
85%
助 | 名
84%
84%
84%
助動
83%
82%
82%
助動
81%
助動
78%
78%
78%
接尾
77%
76%
76%
助動
72%
71%
71%
助動 | 名
64%
する
61%
助動 です
59%
接頭
57%
助動
57%
助動 | 動 ある
55%
助動 ます
54%
それ
53%
52%
51%
これ
50%
助動 | 形 ない
46%
しか
44%
から
43%
くる
42%
あなた
42%
いる
40%
いく
40%
接続 しかし
40%
40%
連体 その
39%
名 | 接尾
38%
みる
38%
副 | 名 | 接尾 そう
38%
連体 この
37%
よう
36%
こと
35%
接頭
35%
名 | 接尾
34%
もの
34%
助 | 接続 でも
34%
名 | 接尾
34%
食べる
34%
どこ
34%
接尾 さん
33%
33%
連体 どの
33%
助動 たい
32%
32%
やる
32%
ここ
32%
いい
31%
どう
31%
いう
30%
なる
29%
名 | 接尾
29%
28%
日本
28%
名 | 接尾
28%
28%
名 | 接尾
28%
そこ
28%
28%
できる
27%
27%
代 | 名
27%
とき
27%
接尾
27%
27%
27%
接続 また
26%
行く
26%
副 | 助 より
26%
よい
26%
大きい
26%
26%
だけ
25%
今日
25%
名 | 接尾
25%
話す
25%
接尾
24%
見る
24%
24%
聞く
24%
24%
接尾
24%
名 | 接尾 時間
23%
接尾
23%
れる
22%
ので
22%
思う
22%
まで
22%
書く
22%
名 | 接尾
22%
接尾
22%
彼女
22%
言う
21%
知る
21%
おく
21%
接尾
21%
飲む
21%
自分
20%
おる
20%
接続 そして
20%
20%
ありがとう
20%
買う
20%
悪い
20%
つく
20%
学校
20%
接尾
20%
られる
19%
かも
19%
来る
19%
入る
19%
もう
19%
19%
19%
ほう
19%
名前
19%
良い
18%
多い
18%
出る
18%
接尾
18%
18%
接続 ただ
18%
取る
18%
18%
あと
18%
ため
17%
接尾
17%
接尾 たち
17%
合う
17%
接尾
17%
名 | 接尾
16%
けど
16%
接尾
16%
高い
16%
わかる
16%
こちら
16%
よく
16%
形動 好き
16%
東京
16%
楽しい
16%
言葉
16%
少ない
16%
うち
16%
接尾
16%
接尾
16%
もっと
16%
持つ
15%
ところ
15%
会社
15%
読む
15%
まだ
15%
早い
15%
せる
14%
たり
14%
14%
考える
14%
接尾
14%
とても
14%
じゃ
14%
世界
14%
得る
14%
新しい
14%
14%
14%
接尾
13%
仕事
13%
接尾
13%
場所
13%
子供
13%
気持ち
13%
感じ
13%
社会
13%
接尾
13%
連体 こんな
13%
終わる
13%
長い
13%
接頭
13%
など
12%
使う
12%
接尾
12%
作る
12%
連体 同じ
12%
12%
連体 そんな
12%
接尾
12%
ほど
12%
くらい
12%
名 | 接尾
12%
違う
12%
のに
12%
出す
12%
12%
さらに
12%
12%
強い
12%
連体 どんな
12%
接頭
12%
あげる
12%
いただく
11%
ながら
11%
わけ
11%
やすい
11%
始める
11%
すぐ
11%
今年
11%
いつも
11%
先生
11%
接尾
11%
かなり
11%
11%
10%
感じる
10%
もらう
10%
10%
分かる
10%
とか
10%
変わる
10%
かける
10%
無い
10%
お金
10%
増える
10%
なんて
10%
初めて
10%
名 | 接尾
10%
10%
勉強
10%
のみ
10%
すぎる
10%
9%
形動 可能
9%
って
9%
接頭
9%
9%
以上
9%
受ける
9%
助動 ござる
9%
生活
9%
9%
入れる
9%
電話
9%
接尾
9%
つける
9%
9%
すべて
9%
接尾
9%
働く
9%
9%
形動 普通
9%
続く
9%
しまう
8%
女性
8%
確認
8%
少し
8%
お願い
8%
いたす
8%
たくさん
8%
8%
ちょっと
8%
人間
8%
男性
8%
理由
8%
連体 大きな
8%
子ども
8%
難しい
8%
接尾
8%
はず
8%
8%
接尾
8%
8%
食事
8%
という
7%
形動 必要
7%
くれる
7%
情報
7%
方法
7%
問題
7%
接尾
7%
以下
7%
形動 簡単
7%
機能
7%
最初
7%
家族
7%
最後
7%
7%
欲しい
7%
場合
6%
てる
6%
6%
出来る
6%
頂く
6%
関係
6%
6%
結果
6%
本当に
6%
続ける
6%
助動 べし
6%
相手
6%
選ぶ
6%
意味
6%
特に
6%
接頭
6%
探す
6%
見える
6%
理解
6%
自身
6%
形動 様々
6%
時代
6%
一つ
6%
教える
6%
接尾
6%
動画
6%
6%
ばかり
6%
呼ぶ
6%
くださる
5%
として
5%
使用
5%
現在
5%
形動 大切
5%
一緒
5%
連絡
5%
にて
5%
一番
5%
予定
5%
一般
5%
みたい
5%
これから
5%
接尾
5%
安心
5%
あまり
5%
毎日
5%
選択
5%
形動 安全
5%
利用
4%
行う
4%
紹介
4%
今回
4%
接尾
4%
参加
4%
商品
4%
写真
4%
下さる
4%
内容
4%
多く
4%
実際
4%
相談
4%
対応
4%
無料
4%
メール
4%
表示
4%
かかる
4%
説明
4%
環境
4%
形動 重要
4%
注意
4%
しっかり
4%
変更
4%
以外
4%
希望
4%
価格
4%
形動 大変
4%
目的
4%
映画
4%
期間
4%
形動 非常
4%
ネット
4%
原因
4%
保険
4%
ゲーム
4%
平成
4%
それぞれ
4%
全て
4%
形動 自然
4%
発表
4%
求める
4%
種類
4%
部屋
4%
について
3%
サイト
3%
購入
3%
個人
3%
効果
3%
状態
3%
活動
3%
いける
3%
設定
3%
最近
3%
管理
3%
3%
もちろん
3%
地域
3%
部分
3%
ページ
3%
存在
3%
基本
3%
今後
3%
技術
3%
データ
3%
言える
3%
形動 健康
3%
接尾
3%
結婚
3%
調査
3%
開発
3%
検索
3%
致す
3%
作成
3%
以前
3%
公開
3%
しれる
2%
サービス
2%
お客様
2%
開催
2%
記事
2%
により
2%
登録
2%
企業
2%
提供
2%
状況
2%
経験
2%
販売
2%
作品
2%
による
2%
楽しむ
2%
イベント
2%
予約
2%
おすすめ
2%
人気
2%
ぜひ
2%
ポイント
2%
研究
2%
カード
2%
において
2%
ほとんど
2%
含む
2%
掲載
2%
影響
2%
皆様
2%
業者
2%
体験
2%
合わせる
2%
専門
2%
用意
2%
期待
2%
システム
2%
契約
2%
デザイン
2%
作業
2%
対象
2%
皆さん
2%
発生
2%
参考
2%
によって
1%
いただける
1%
治療
1%
にとって
1%
事業
1%
に関する
1%
に対して
1%
チェック
1%
出会い
1%
問い合わせ
1%
スタッフ
1%
No matching quizzes found
Score Distribution
Percent of People with Each Score
Percentile by Number Answered
Your Score History
You have not taken this quiz